New technologies in organization development
| Other Authors: | |
|---|---|
| Format: | Book |
| Published: |
California :
University Associates ,
1975
|
| Subjects: |
MARC
| LEADER | 00000cam a2200000 7i4500 | ||
|---|---|---|---|
| 001 | 0000002257 | ||
| 005 | 20050505.0 | ||
| 040 | |a INS | ||
| 090 | 0 | 0 | |a HD29. |b T47 1975 |
| 245 | 0 | 0 | |a New technologies in organization development |c John D. Adems |
| 260 | |a California : |b University Associates , |c 1975 | ||
| 300 | |a vii, 391 p ; |c 23 cm. | ||
| 650 | 0 | 0 | |a Industrial management |
| 650 | 0 | 0 | |a Technology |
| 700 | 1 | |a Adams John D. | |
| 999 | |a 0000000564 |b BOOK |c Open Shelf |e Default branch | ||